000 00396nam a22001577a 4500
005 20200522113646.0
008 200522b xxu||||| |||| 00| 0 eng d
041 _aeng
082 _a345.4CHO
100 _aCHOPRA.G.R
_95737
245 _aThe All India Reporter1962 (VOL-49) M.P. Section
260 _aBOMBAY
_bThe All India Reporter Ltd.
300 _a64p.
650 _aLAW
_95701
942 _cBK
999 _c6431
_d6429